عرض عادي
عرض مارك
- Cultural Diversity.
مدخل مصطلح موضوعي
001 - رقم الضبط
- حقل الضبط: 109777
003 - معرف رقم الضبط
- حقل الضبط: OSt
005 - تاريخ ووقت أخر عملية
- حقل الضبط: 20221101152443.0
008 - عناصر بيانات ثابتة الطول
- حقل تحكم ثابت الطول: 221101|| aca||aabn | a|a d
040 ## - مصدر الفهرسة
- هيئة الفهرسة الأصلية: OSt
- وكالة الكتابة: OSt
150 ## - مدخل-- مصطلح تاريخي
- عنصر مدخل المصطلح الموضوعي او الاسم الجغرافي: Cultural Diversity.
670 ## - بيانات المصدر موجوده
- الاستشهاد بالمصدر: Work cat.: (OSt): Leininger, Madeleine M. 19866, Transcultural nursing :, c2002.
